000 01595cam a22003977a 4500
003 CHAP
005 20220329133338.0
008 971013s1991 r 00010 d
010 _a5207
011 _a6179
035 _a5399
040 _cCHAP
082 0 4 _a972.081
_bU3
110 2 _aUACH. Centro de Investigaciones Históricas, Agrarias, Agronómicas y de la Agricultura
_9115831
245 1 4 _aLos Díaz sin tregua 1876-1970
_b: centuria de luchas populares
260 _aChapingo, Méx. :
_bLa Universidad,
_c1991
300 _a256 p.
_b: ilus.
590 _aBATCH-UPD
_b10
_c20130110
_lUCH01
_h1001
590 _aBATCH-UPD
_b10
_c20130410
_lUCH01
_h0612
590 _aBATCH-UPD
_b10
_c20130914
_lUCH01
_h0548
590 _aBATCH-UPD
_b10
_c20130914
_lUCH01
_h2127
590 _aCONVERSION
_b10
_c20130109
_lUCH01
_h1304
650 1 4 _aMéxico
_xHistoria contemporánea.
_976775
650 1 4 _aMéxico
_xHistoria
_xPorfiriato.
_976764
650 1 4 _aMéxico
_xHistoria
_xRevolución.
_976768
700 0 _aAnaya Perez, Marco Antonio.
_95509
700 0 _aBautista Zane, Refugio.
_910966
901 _aBK
942 _cLIBRO
949 _a972.081 U3
_bBC
_cLIBRO
_d-14972
_eLIBRO
_h81733
_i5399
_si
949 _a972.081 U3
_bBC
_cLIBRO
_d33724000147948
_eLIBRO
_fc.2
_h81734
_i5399
_si
949 _a972.081 U3
_bBC
_cLIBRO
_d33724000147971
_eLIBRO
_fc.5
_h81737
_i5399
_si
949 _a972.081 U3
_bBC
_cLIBRO
_d33724000811188
_eLIBRO
_fc.4
_h81736
_i5399
_sb
949 _a972.081 U3
_bBC
_cLIBRO
_d33724000811246
_eLIBRO
_fc.3
_h81735
_i5399
_si
949 _a972.081 U3
_bBC
_cUACH
_d-40421
_eUACH
_fc.6
_h82671 rep.
_i5399
_si
_t28.00
999 _c5207
_d5207